000 00388nam a2200145Ia 4500
008 230917s9999||||xx |||||||||||||| ||und||
040 _e97313
_aMAIN
041 _aEnglish
082 _a412 H155L
100 _aHalliday, M A K
245 0 _aLearning how to mean: explorations in the development of language
260 _aLondon
_bEdward Arnold
_c1975
300 _a164 p.
942 _cBK
999 _c196848
_d196848